US States in Order of Size - Statistics

General Stats
  • This quiz has been taken 374 times
  • The average score is 23 of 50
Answer Stats
Hint Answer % Correct
570,374 square miles Alaska
99%
261,914 square miles Texas
98%
155,973 square miles California
96%
145,556 square miles Montana
92%
121,365 square miles New Mexico
85%
113,642 square miles Arizona
82%
109,806 square miles Nevada
76%
103,730 square miles Colorado
75%
97,105 square miles Wyoming
68%
1,045 square miles Rhode Island
66%
96,003 square miles Oregon
65%
1,955 square miles Delaware
61%
82,168 square miles Utah
59%
4,845 square miles Connecticut
58%
82,751 square miles Idaho
56%
79,617 square miles Minnesota
53%
81,823 square miles Kansas
51%
68,994 square miles North Dakota
50%
76,878 square miles Nebraska
49%
75,898 square miles South Dakota
49%
6,423 square miles Hawaii
47%
7,419 square miles New Jersey
47%
9,249 square miles Vermont
46%
8,969 square miles New Hampshire
45%
7,838 square miles Massachusetts
42%
68,898 square miles Missouri
41%
9,775 square miles Maryland
39%
68,679 square miles Oklahoma
39%
66,582 square miles Washington
38%
56,809 square miles Michigan
35%
53,997 square miles Florida
32%
54,314 square miles Wisconsin
31%
55,875 square miles Iowa
30%
35,385 square miles Maine
30%
24,087 square miles West Virginia
30%
57,919 square miles Georgia
28%
55,593 square miles Illinois
27%
40,953 square miles Ohio
27%
52,075 square miles Arkansas
26%
47,224 square miles New York
26%
50,750 square miles Alabama
25%
30,111 square miles South Carolina
25%
48,718 square miles North Carolina
23%
35,870 square miles Indiana
22%
39,732 square miles Kentucky
22%
46,914 square miles Mississippi
22%
44,820 square miles Pennsylvania
22%
39,598 square miles Virginia
22%
41,220 square miles Tennessee
21%
43,566 square miles Louisiana
20%
No matching quizzes found
Score Distribution
Percent of People with Each Score
Percentile by Number Answered
Your Score History
You have not taken this quiz